|
|
|
|
| LEADER |
00000naa2a2200000 4500 |
| 001 |
603278 |
| 005 |
20260226164456.0 |
| 035 |
|
|
|a (RuTPU)RU\TPU\conf\441
|
| 035 |
|
|
|a RU\TPU\conf\415
|
| 090 |
|
|
|a 603278
|
| 100 |
|
|
|a 20131230d2013 k y0rusy50 ca
|
| 101 |
0 |
|
|a rus
|
| 102 |
|
|
|a RU
|
| 135 |
|
|
|a drcn ---uucaa
|
| 181 |
|
0 |
|a i
|
| 182 |
|
0 |
|a b
|
| 200 |
1 |
|
|a Конструирование износостойкого покрытия системы CrVFeC с использованием непрерывного и импульсного электронного луча
|f Б. В. Дампилон, В. Г. Дураков, А. И. Зиганшин
|
| 203 |
|
|
|a Текст
|c электронный
|
| 215 |
|
|
|a 1 файл(1.9 Mб)
|
| 225 |
1 |
|
|a Материаловедение в машиностроении
|
| 300 |
|
|
|a Заглавие с экрана
|
| 320 |
|
|
|a [Библиогр.: с. 86 (4 назв.)]
|
| 337 |
|
|
|a Adobe Reader
|
| 463 |
|
1 |
|0 (RuTPU)RU\TPU\conf\109
|t Современные проблемы машиностроения
|o сборник научных трудов VII Международной научно-технической конференции, г. Томск, 11-13 ноября 2013 г.
|f Национальный исследовательский Томский политехнический университет (ТПУ); под ред. Ан И-Кан и др.
|v [С. 81-86]
|d 2013
|
| 610 |
1 |
|
|a электронный ресурс
|
| 610 |
1 |
|
|a труды учёных ТПУ
|
| 610 |
1 |
|
|a конструирование
|
| 610 |
1 |
|
|a износостойкие покрытия
|
| 610 |
1 |
|
|a непрерывные модели
|
| 610 |
1 |
|
|a импульсные методы
|
| 610 |
1 |
|
|a электронные лучи
|
| 700 |
|
1 |
|a Дампилон
|b Б. В.
|c специалист в области материаловедения
|c доцент Томского политехнического университета, кандидат технических наук
|f 1977-
|g Баир Вячеславович
|3 (RuTPU)RU\TPU\pers\28241
|
| 701 |
|
1 |
|a Дураков
|b В. Г.
|
| 701 |
|
1 |
|a Зиганшин
|b А. И.
|
| 712 |
0 |
2 |
|a Национальный исследовательский Томский политехнический университет (ТПУ)
|b Институт физики высоких технологий (ИФВТ)
|b Кафедра материаловедения в машиностроении (ММС)
|3 (RuTPU)RU\TPU\col\18688
|
| 801 |
|
1 |
|a RU
|b 63413507
|c 20101016
|
| 801 |
|
2 |
|a RU
|b 63413507
|c 20140218
|g RCR
|
| 856 |
4 |
|
|u http://www.lib.tpu.ru/fulltext/c/2013/C45/020.pdf
|
| 942 |
|
|
|c BK
|